Statistics for Biggest Cities in the Seychelles Quiz

Click here to take the quiz!

General Stats

  • This quiz has been taken 38 times
    (11 since last reset)
  • The average score is 2 of 5

Answer Stats

PopulationCity% Correct
26,450Victoria
100%
4,020Beau Vallon
40%
4,093Anse Boileau
30%
2,850Takamaka
30%
3,568Grand Anse Mahe
20%

Score Distribution

Percentile by Number Answered

Percent of People with Each Score

Your Score History

You have not taken this quiz since the last reset